Tyre mechanics:Overview of symposia I-IX on Problems of tyres and rubber-cord composites (Record no. 71667)

MARC details
000 -LEADER
fixed length control field 00395nam a2200121Ia 4500
100 ## - MAIN ENTRY--AUTHOR NAME
Personal name Bukhin
245 #0 - TITLE STATEMENT
Title Tyre mechanics:Overview of symposia I-IX on Problems of tyres and rubber-cord composites
260 ## - PUBLICATION, DISTRIBUTION, ETC. (IMPRINT)
Name of publisher International Polymer Science and Technology
Year of publication 2002
650 ## - SUBJECT ADDED ENTRY--TOPICAL TERM
Topical Term Rubber-cord composites
650 ## - SUBJECT ADDED ENTRY--TOPICAL TERM
Topical Term Tyre mechnics
942 ## - ADDED ENTRY ELEMENTS (KOHA)
Koha item type Journals
100 ## - MAIN ENTRY--AUTHOR NAME
-- L
Holdings
Withdrawn status Lost status Damaged status Not for loan Home library Current library Shelving location Date acquired Serial Enumeration / chronology Koha item type
      Journals RRII Library RRII Library Rubber chemistry 29/07/2002 Volume 29, Issue 7 Journals